000 00614nam a22001817a 4500
003 OSt
005 20260203025435.0
008 260203b |||||||| |||| 00| 0 eng d
020 _a971-92696-4-2
040 _aDWC-Main Lib
_cOC
082 _aFil. 170 B384
100 _aBuenaflor, L.
245 _aThe beauty of doing good :
_bethics for Filipino students
_cBuenaflor, Lionel
260 _aLipa City, Philippines :
_bMentor Publishing House
300 _avi, 247 pages ;
_c21 cm.
504 _aIncludes bibliographical references.
942 _2ddc
_cBK - FIL
_hFil. 170 B384
_kFil.
_n0
999 _c8161
_d8161